ER Episode Titles - Statistics

General Stats
  • This quiz has been taken 555 times
    72 since last reset
  • The average score is 99 of 331
Answer Stats
Season Episode Title % Correct
1.01 24 Hours
63%
6.14 All in the Family
63%
6.13 Be Still My Heart
63%
1.10 Blizzard
50%
1.02 Day One
50%
3.01 Dr. Carter, I Presume
50%
1.15 Feb 5, '95
50%
2.22 John Carter, MD
50%
9.22 Kisangani
50%
1.19 Love Labor's Lost
50%
1.24 Motherhood
50%
15.19 Old Times
50%
5.08 The Good Fight
50%
10.20 Abby Normal
38%
6.12 Abby Road
38%
4.22 A Hole in the Heart
38%
11.15 Alone in a Crowd
38%
4.01 Ambush
38%
2.10 A Miracle Happens Here
38%
2.05 And Baby Makes Two
38%
15.22 And in the End
38%
7.18 April Showers
38%
2.18 A Shift in the Night
38%
8.14 A Simple Twist of Fate
38%
9.16 A Thousand Cranes
38%
7.14 A Walk in the Woods
38%
2.15 Baby Shower
38%
6.15 Be Patient
38%
13.01 Bloodline
38%
8.03 Blood, Sugar, Sex, Magic
38%
8.19 Brothers and Sisters
38%
8.17 Bygones
38%
12.01 Canon City
38%
11.21 Carter Est Amoureux
38%
4.13 Carter's Choice
38%
9.01 Chaos Theory
38%
5.13 Choosing Joi
38%
8.13 Damage is Done
38%
5.01 Day For Knight
38%
10.03 Dear Abby
38%
4.10 Do You See What I See?
38%
15.12 Dream Runner
38%
1.25 Everything Old is New Again
38%
4.15 Exodus
38%
4.14 Family Practice
38%
4.07 Fathers and Sons
38%
11.04 Fear
38%
3.06 Fear of Flying
38%
2.20 Fevers of Unknown Origin
38%
7.05 Flight of Fancy
38%
8.01 Four Corners
38%
10.08 Freefall
38%
4.03 Friendly Fire
38%
1.20 Full Moon, Saturday Night
38%
5.22 Getting to Know You
38%
3.05 Ghosts
38%
5.09 Good Luck, Ruth Johnson
38%
6.08 Great Expectations
38%
6.03 Greene with Envy
38%
5.07 Hazed and Confused
38%
15.07 Heal Thyself
38%
2.07 Hell and High Water
38%
11.16 Here and There
38%
9.10 Hindsight
38%
2.09 Home
38%
7.01 Homecoming
38%
6.09 How the Finch Stole Christmas
38%
6.07 Humpty Dumpty
38%
12.09 I Do
38%
13.21 I Don't
38%
8.07 If I Should Fall From Grace
38%
10.14 Impulse Control
38%
9.03 Insurrection
38%
8.15 It's All in Your Head
38%
2.13 It's Not Easy Being Greene
38%
3.04 Last Call
38%
6.01 Leave It to Weaver
38%
15.01 Life After Death
38%
13.20 Lights Out
38%
8.22 Lockdown
38%
6.20 Loose Ends
38%
1.23 Love Among the Ruins
38%
1.13 Luck of the Draw
38%
3.21 Make a Wish
38%
10.10 Makemba
38%
1.16 Make of Two Hearts
38%
7.03 Mars Attacks
38%
5.05 Masquerade
38%
6.22 May Day
38%
10.21 Midnight
38%
10.12 NICU
38%
3.11 Night Shift
38%
3.07 No Brain, No Gain
38%
10.01 Now What?
38%
4.09 Obstruction of Justice
38%
11.01 One for the Road
38%
3.22 One More for the Road
38%
8.21 On the Beach
38%
8.18 Orion in the Sky
38%
10.05 Out of Africa
38%
8.08 Partly Cloudy, Chance of Rain
38%
7.10 Piece of Mind
38%
3.12 Post-Mortem
38%
5.20 Power
38%
7.22 Rampage
38%
3.20 Random Acts
38%
7.07 Rescue Me
38%
5.21 Responsible Parties
38%
5.19 Rites of Spring
38%
7.02 Sand and Water
38%
8.16 Secrets and Lies
38%
1.18 Sleepless in Chicago
38%
5.02 Split Second
38%
5.17 Sticks and Stones
38%
5.06 Stuck on You
38%
6.21 Such Sweet Sorrow
38%
8.06 Supplies and Demands
38%
7.12 Surrender
38%
7.17 Survival of the Fittest
38%
15.16 The Beginning of the End
38%
1.17 The Birthday Party
38%
15.03 The Book of Abby
38%
14.19 The Chicago Way
38%
7.15 The Crossing
38%
7.08 The Dance We Do
38%
6.19 The Fastest Year
38%
1.11 The Gift
38%
7.09 The Greatest of Gifts
38%
2.16 The Healers
38%
8.20 The Letter
38%
8.02 The Longer You Stay
38%
3.15 The Long Way Around
38%
10.02 The Lost
38%
2.17 The Match Game
38%
11.12 The Providers
38%
11.22 The Show Must Go On
38%
7.06 The Visit
38%
11.06 Time of Death
38%
15.17 T-Minus-6
38%
6.05 Truth and Consequences
38%
12.22 Twenty-One Guns
38%
14.17 Under Pressure
38%
3.08 Union Station
38%
2.01 Welcome Back, Carter
38%
9.21 When Night Meets Day
38%
4.04 When the Bough Breaks
38%
10.18 Where There's Smoke
38%
3.14 Whose Appy Now?
38%
14.10 300 Patients
25%
1.08 9 1/2 Hours
25%
4.17 A Bloody Mess
25%
15.08 Age of Innocence
25%
9.05 A Hopeless Wound
25%
13.13 A House Divided
25%
9.11 A Little Help From My Friends
25%
15.14 A Long, Strange Trip
25%
13.05 Ames vs. Kovac
25%
11.05 An Intern's Guide to the Galaxy
25%
1.07 Another Perfect Day
25%
15.02 Another Thursday at County
25%
8.12 A River in Egypt
25%
9.12 A Saint in the City
25%
11.08 A Shot in the Dark
25%
3.09 Ask Me No Questions, I'll Tell You No Lies
25%
14.15 As the Day She Was Born
25%
14.13 Atonement
25%
11.17 Back in the World
25%
7.04 Benton Backwards
25%
8.11 Beyond Repair
25%
10.15 Blood Relations
25%
3.19 Calling Dr. Hathaway
25%
1.06 Chicago Heat
25%
13.11 City of Mercy
25%
11.02 Damaged
25%
12.15 Darfur
25%
2.06 Days Like This
25%
9.02 Dead Again
25%
2.11 Dead of Winter
25%
10.07 Death and Taxes
25%
3.03 Don't Ask, Don't Tell
25%
2.03 Do One, Teach One, Kill One
25%
5.12 Double Blind
25%
10.22 Drive
25%
1.09 ER Confidential
25%
3.16 Faith
25%
13.19 Family Business
25%
6.10 Family Matters
25%
7.20 Fear of Commitment
25%
9.18 Finders Keepers
25%
2.19 Fire in the Belly
25%
9.08 First Snowfall
25%
3.13 Fortune's Fools
25%
4.08 Freak Show
25%
13.17 From Here to Paternity
25%
10.13 Get Carter
25%
1.03 Going Home
25%
4.05 Good Touch, Bad Touch
25%
13.02 Graduation Day
25%
14.04 Gravity
25%
4.06 Ground Zero
25%
4.18 Gut Reaction
25%
1.12 Happy New Year
25%
15.05 Haunted
25%
13.06 Heart of the Matter
25%
1.04 Hit and Run
25%
3.10 Homeless for the Holidays
25%
1.21 House of Cards
25%
15.21 I Feel Good
25%
12.11 If Not Now
25%
8.10 I'll Be Home for Christmas
25%
14.02 In a Different Light
25%
1.05 Into that Good Night
25%
13.07 Jigsaw
25%
11.14 Just As I Am
25%
6.02 Last Rites
25%
15.09 Let It Snow
25%
3.02 Let the Games Begin
25%
1.14 Long Day's Journey
25%
12.17 Lost in America
25%
15.13 Love is a Battlefield
25%
6.18 Match Made in Heaven
25%
1.22 Men Plan, God Laughs
25%
11.13 Middleman
25%
5.16 Middle of Nowhere
25%
10.09 Missing
25%
13.14 Murmurs of the Heart
25%
4.16 My Brother's Keeper
25%
8.04 Never Say Never
25%
9.09 Next of Kin
25%
5.11 Nobody Doesn't Like Amanda Lee
25%
12.02 Nobody's Baby
25%
14.03 Officer Down
25%
4.20 Of Past Regret and Future Fear
25%
15.06 Oh, Brother
25%
11.11 Only Connect
25%
12.16 Out on a Limb
25%
15.04 Parental Guidance
25%
13.18 Photographs and Memories
25%
5.18 Point of Origin
25%
8.09 Quo Vadis?
25%
13.08 Reason to Believe
25%
11.18 Refusal of Care
25%
7.11 Rock, Paper, Scissors
25%
11.19 Ruby Redux
25%
7.19 Sailing Away
25%
13.22 Sea Change
25%
15.11 Separation Anxiety
25%
4.19 Shades of Grey
25%
4.12 Sharp Relief
25%
15.20 Shifting Equilibrium
25%
6.04 Sins of the Fathers
25%
11.10 Skin
25%
13.03 Somebody to Love
25%
4.02 Something New
25%
8.05 Start All Over Again
25%
14.11 Status Quo
25%
12.18 Strange Bedfellows
25%
4.21 Suffer the Little Children
25%
2.02 Summer Run
25%
2.21 Take these Broken Wings
25%
14.18 Tandem Repeats
25%
13.10 Tell Me No Secrets
25%
6.11 The Domino Heart
25%
15.15 The Family Man
25%
12.21 The Gallant Hero and the Tragic Victor
25%
15.10 The High Holiday
25%
13.23 The Honeymoon is Over
25%
5.10 The Miracle Worker
25%
6.06 The Peace of Wild Things
25%
12.20 There Are No Angels Here
25%
2.14 The Right Thing
25%
2.08 The Secret Sharer
25%
5.14 The Storm I
25%
5.15 The Storm II
25%
14.01 The War Comes Home
25%
5.03 They Treat Horses, Don't They?
25%
4.11 Think Warm Thoughts
25%
7.13 Thy Will Be Done
25%
3.17 Tribes
25%
2.12 True Lies
25%
14.16 Truth Will Out
25%
11.03 Try Carter
25%
11.09 Twas the Night
25%
6.16 Under Control
25%
14.05 Under the Influence
25%
5.04 Vanishing Act
25%
6.17 Viable Options
25%
9.04 Walk Like a Man
25%
2.04 What Life?
25%
15.18 What We Do
25%
11.07 White Guy, Dark Hair
25%
7.16 Witch Hunt
25%
11.20 You are Here
25%
3.18 You Bet Your Life
25%
9.15 A Boy Falling Out of the Sky
13%
12.10 All About Christmas Eve
13%
14.12 Believe the Unseen
13%
14.07 Blackout
13%
12.04 Blame It On the Rain
13%
12.13 Body and Soul
13%
13.12 Breach of Trust
13%
14.08 Coming Home
13%
13.16 Crisis of Conscience
13%
12.06 Dream House
13%
13.15 Dying is Easy
13%
9.20 Foreign Affairs
13%
10.16 Forgive and Forget
13%
10.19 Just a Touch
13%
12.03 Man with No Name
13%
9.13 No Good Deed Goes Unpunished
13%
12.19 No Place to Hide
13%
9.14 No Strings Attached
13%
9.06 One Can Only Hope
13%
14.14 Owner of a Broken Heart
13%
13.04 Parenthood
13%
12.14 Quintessence of Dust
13%
13.09 Scoop and Run
13%
10.04 Shifts Happen
13%
14.09 Skye's the Limit
13%
12.12 Split Decisions
13%
9.07 Tell Me Where It Hurts
13%
9.17 The Advocate
13%
10.06 The Greater Good
13%
12.07 The Human Shield
13%
10.17 The Student
13%
14.06 The Test
13%
9.19 Things Change
13%
10.11 Touch and Go
13%
12.08 Two Ships
13%
12.05 Wake Up
13%
7.21 Where the Heart Is
13%
No matching quizzes found
Score Distribution
Percent of People with Each Score
Percentile by Number Answered
Your Score History
You have not taken this quiz since the last reset